000 00450nam a2200181Ia 4500
005 20240823053951.0
008 240823s9999||||xx |||||||||||||| ||und||
041 _aENGLISH
082 _A519 P2
100 _aNarayanan
245 0 _aAdvanced Mathematics for Engineering Students Volume II
250 _a2nd
260 _c2002
_bS Viswanathan PV
500 _aTRANSFERED
650 _aMathematics
_bMathematics
942 _cBK
999 _c225361
_d225361